|
|
|
|
| LEADER |
01322nam a2200361Ia 4500 |
| 001 |
EBC1165941 |
| 003 |
MiAaPQ |
| 005 |
20200520144314.0 |
| 006 |
m o d | |
| 007 |
cr cn||||||||| |
| 008 |
130424s2013 dcua s 000 0 eng d |
| 020 |
|
|
|z 9780821397626
|
| 020 |
|
|
|a 9780821397657 (electronic bk.)
|
| 035 |
|
|
|a (MiAaPQ)EBC1165941
|
| 035 |
|
|
|a (Au-PeEL)EBL1165941
|
| 035 |
|
|
|a (CaPaEBR)ebr10685347
|
| 035 |
|
|
|a (CaONFJC)MIL476609
|
| 035 |
|
|
|a (OCoLC)841909122
|
| 040 |
|
|
|a MiAaPQ
|c MiAaPQ
|d MiAaPQ
|
| 050 |
|
4 |
|a HD3871
|b .V34 2013
|
| 100 |
1 |
|
|a Vagliasindi, Maria.
|
| 245 |
1 |
0 |
|a Revisiting public-private partnerships in the power sector
|h [electronic resource] /
|c Maria Vagliasindi.
|
| 260 |
|
|
|a Washington :
|b World Bank Publications,
|c c2013.
|
| 300 |
|
|
|a xxii, 109 p. :
|b ill.
|
| 490 |
1 |
|
|a World Bank study
|
| 533 |
|
|
|a Electronic reproduction. Ann Arbor, MI : ProQuest, 2015. Available via World Wide Web. Access may be limited to ProQuest affiliated libraries.
|
| 650 |
|
0 |
|a Public-private sector cooperation.
|
| 650 |
|
0 |
|a Business networks.
|
| 650 |
|
0 |
|a Strategic alliances (Business)
|
| 655 |
|
4 |
|a Electronic books.
|
| 710 |
2 |
|
|a ProQuest (Firm)
|
| 830 |
|
0 |
|a World Bank study.
|
| 856 |
4 |
0 |
|u https://ebookcentral.proquest.com/lib/matrademy/detail.action?docID=1165941
|z Click to View
|